01681nam a22001817a 450000500170000000800410001702000180005804100080007608200130008410000180009724500120011526000180012730000070014536500190015252012980017165000080146970000220147720250409120059.0250329b |||||||| |||| 00| 0 eng d a9783836505628 aEng a700bELG aElger Dietmar aDadaism bTaschenc2022 a95 b1359.00cRs.00 a• Before Dada was there, there was Dada • Hans Arp – Relief Dada Untitles ( Squares arranged to the Laws of Chance i-picture • Johannes Baader – The Author of the Book “Fourteen Letters of Christ” in His Home The Great Plasto-Dio-Dada -Drama • Johannes Theodor Baargeld - The Red king Venus at the Game of the Kings • Marcel Duchamp – Fountain L.H.O.Q.Q. Marcel Duchamp as Rrose Selavy • Max Ernst – Fruit of Long Experience Little machine Constructed by Minimax dadamax in person The Chinese Nightingale • George Grosz – The Guilty One Remains Unknown Daum marries her Pedantic Automation George in May 1920, John Heartfield is very Glad of it (Meta-mech. Construction after Prof. R. Hausmann • Raoul Hausmann – The Art Critic Tatlin Lives at Home Mechanical Head (The Spirit of Our Age) ABCD • John Heartfield (in collaboration with George Grosz) – Sunny Land Title Picture Der Dada 3 • Hannah Hoch – da Dandy Incision with the Dada Kitchen Knife through Germany’s Last Weimar Beer-Belly Cultural Epoch My Domestic Mottoes • Francis Picabia – Love Parade • Dada Movement • Beware: Painting • Man Ray – Clothes Stand Gift • Kurt Schwitters – The Big Sneezes to the Heart Untitled (May 191) Merz Picture 29A. Picture with Flywheel  aArt aGrasenick Uta Ed.